Catálogo
 En Linea

Reflexiones y recomendaciones ante el debacle documental del Morgan / (Registro nro. 49273)

Detalles MARC
000 -CABECERA
campo de control de longitud fija 01785nam a2200337 i 4500
001 - NÚMERO DE CONTROL
campo de control 000000494
003 - IDENTIFICADOR DEL NÚMERO DE CONTROL
campo de control DO-SdBNP
005 - FECHA Y HORA DE LA ÚLTIMA TRANSACCIÓN
campo de control 20251119135523.0
007 - CAMPO FIJO DE DESCRIPCIÓN FÍSICA--INFORMACIÓN GENERAL
campo de control de longitud fija ta
008 - DATOS DE LONGITUD FIJA--INFORMACIÓN GENERAL
campo de control de longitud fija 081028s2018 dr ab 001 0 spa d
020 ## - NÚMERO INTERNACIONAL ESTÁNDAR DEL LIBRO
Número Internacional Estándar del Libro 9789945910179
040 ## - FUENTE DE LA CATALOGACIÓN
Centro catalogador/agencia de origen DO-SdBNP
Lengua de catalogación spa
Centro/agencia transcriptor BNPHU
Normas de descripción rda
041 ## - CÓDIGO DE LENGUA
Código de lengua original spa
082 #4 - NÚMERO DE LA CLASIFICACIÓN DECIMAL DEWEY
Número de clasificación 027.662
Número de documento/Ítem V161r
Número de edición 22
100 1# - ENTRADA PRINCIPAL--NOMBRE DE PERSONA
Nombre de persona Valenzuela Sosa, Fabio
Fechas asociadas al nombre
9 (RLIN) 1640
Término indicativo de función/relación autor
Código de función/relación aut.
245 10 - MENCIÓN DE TÍTULO
Título Reflexiones y recomendaciones ante el debacle documental del Morgan /
Mención de responsabilidad, etc. Fabio Valenzuela Sosa ; cuidado de edición, Fabio Valenzuela Sosa, Harol Frías Maggiolo.
264 #4 - PRODUCCIÓN, PUBLICACIÓN, DISTRIBUCIÓN, FABRICACIÓN Y COPYRIGHT
Producción, publicación, distribución, fabricación y copyright Santo Domingo, República Dominicana :
Nombre del de productor, editor, distribuidor, fabricante Archivo General de la Nación,
Fecha de producción, publicación, distribución, fabricación o copyright ©2018.
300 ## - DESCRIPCIÓN FÍSICA
Extensión 85 páginas :
Otras características físicas ilustraciones, retratos ;
Dimensiones 23 cm.
336 ## - TIPO DE CONTENIDO
Término de tipo de contenido texto
Código de tipo de contenido txt
Fuente rdacontent
337 ## - TIPO DE MEDIO
Nombre/término del tipo de medio sin mediación
Código del tipo de medio n
Fuente rdamedia
338 ## - TIPO DE SOPORTE
Nombre/término del tipo de soporte volumen
Código del tipo de soporte nc
Fuente rdacarrier
490 ## - MENCIÓN DE SERIE
Mención de serie Archivo General de la Nación ;
Designación de volumen o secuencia 334
500 ## - NOTA GENERAL
Nota general Incluye datos biográficos del autor en la solapa de la cubierta
505 0# - NOTA DE CONTENIDO CON FORMATO
Nota de contenido con formato Una introducción necesaria -- Un macabro regalo de Reyes para los pacientes del Morgan -- El presidente Danilo toma el toro del Morgan por los Cuernos -- La inteligencia dominicana reacciona ante la debacle de Morgan -- La revolución en el manejo de la información médica en la locomotora del mundo -- Los jefes del Morgan dan la cara después del "documenticidio" -- Reflexiones y recomendaciones ante la debacle documental del Morgan.
Información miscelánea
590 ## - NOTA LOCAL (RLIN)
Nota local Inventariado, 2020/VM
610 14 - PUNTO DE ACCESO ADICIONAL DE MATERIA--NOMBRE DE ENTIDAD CORPORATIVA
Nombre de entidad corporativa o nombre de jurisdicción como elemento de entrada Hospital Luis Aybar Morgán (República Dominicana)
9 (RLIN) 77565
650 #4 - PUNTO DE ACCESO ADICIONAL DE MATERIA--TÉRMINO DE MATERIA
Término de materia o nombre geográfico como elemento de entrada Archivos de hospitales
Subdivisión geográfica República Dominicana
Subdivisión de forma
9 (RLIN) 77566
700 ## - PUNTO DE ACCESO ADICIONAL--NOMBRE DE PERSONA
Nombre de persona Frías Maggiolo, Harold,
Término indicativo de función/relación editor
Código de función/relación ed.
9 (RLIN) 78325
910 ## - DATOS DE OPCIÓN DEL USUARIO (OCLC)
Datos de opción del usuario VMateo. Validado. Control de Calidad/MAA
942 ## - ELEMENTOS DE PUNTO DE ACCESO ADICIONAL (KOHA)
Fuente del sistema de clasificación o colocación Dewey Decimal Classification
Tipo de ítem Koha Libro
Existencias
Estado de retiro Estado de pérdida Fuente del sistema de clasificación o colocación Restricciones de uso No para préstamo Código de colección Localización permanente Ubicación/localización actual Ubicación en estantería Fecha de adquisición Total de préstamos Signatura topográfica completa Código de barras Fecha visto por última vez Precio válido a partir de Tipo de ítem Koha Fuente de adquisición Número de copia
    Dewey Decimal Classification Excluido de préstamo   Patrimonio Dominicano Biblioteca Nacional Pedro Henríquez Ureña Biblioteca Nacional Pedro Henríquez Ureña Depósito 11.12.2020   BNPHU PD 027.662 V161r 2020-0693 11.12.2020 11.12.2020 Libro    
    Dewey Decimal Classification Excluido de préstamo   Patrimonio Dominicano Biblioteca Nacional Pedro Henríquez Ureña Biblioteca Nacional Pedro Henríquez Ureña Depósito 22.03.2021   BNPHU PD 027.662 V161r 2021-1112 22.03.2021 22.03.2021 Libro Donación e.2
    Dewey Decimal Classification Préstamo en sala   Dominicana de Servicio Biblioteca Nacional Pedro Henríquez Ureña Biblioteca Nacional Pedro Henríquez Ureña Depósito 22.03.2021   BNPHU DS 027.662 V161r 2021-1114 22.03.2021 22.03.2021 Libro   e.3
    Dewey Decimal Classification Préstamo en sala   Dominicana de Servicio Biblioteca Nacional Pedro Henríquez Ureña Biblioteca Nacional Pedro Henríquez Ureña Depósito 22.11.2023   BNPHU DS 027.662 V161r 2025-13232 19.11.2025 19.11.2025 Libro Donado por Monika Despradel e.4

Con tecnología Koha